Du genre épistolaire chez les Égyptiens de l'époque pharaonique / (Record no. 177672)

MARC details
000 -LEADER
campo de control de longitud fija 00858namaa2200217 i 4500
001 - NÚMERO DE CONTROL
campo de control 177672
003 - IDENTIFICADOR DE NÚMERO DE CONTROL
campo de control ES-MaACL
005 - FECHA Y HORA DE LA ÚLTIMA TRANSACCIÓN
campo de control 20250801092242.0
008 - DATOS DE LONGITUD FIJA--INFORMACIÓN GENERAL
campo de control de longitud fija 110411s1872 fr | |||| ||fre d
080 ## - NÚMERO DE LA CLASIFICACIÓN DECIMAL UNIVERSAL
Número de la Clasificación Decimal Universal 821.412.
100 1# - ENTRADA PRINCIPAL--NOMBRE DE PERSONA
Nombre de persona Maspero, Gaston (
Fechas asociadas al nombre 1846-1916)
9 (RLIN) 78770
245 13 - MENCIÓN DEL TÍTULO
Título Du genre épistolaire chez les Égyptiens de l'époque pharaonique /
Mención de responsabilidad, etc. par G. Maspero.
260 ## - PUBLICACIÓN, DISTRIBUCIÓN, ETC.
Lugar de publicación, distribución, etc. Paris :
Nombre del editor, distribuidor, etc. A. Franck,
Fecha de publicación, distribución, etc. 1872.
300 ## - DESCRIPCIÓN FÍSICA
Extensión X, 114 p. ;
Dimensiones 25 cm.
490 1# - MENCIÓN DE SERIE
Mención de serie Bibliothéque de l'école des hautes études. Sciences philologiques et historiques ;
Designación de volumen o secuencia fasc. 12
546 ## - NOTA DE IDIOMA
Nota de lengua/lenguaje Texto en francés y egipcio ;
Información sobre el código o alfabeto Jeroglífico.
650 #7 - PUNTO DE ACCESO ADICIONAL DE MATERIA--TÉRMINO DE MATERIA
Término de materia o nombre geográfico como elemento de entrada Literatura egipcia
Fuente del encabezamiento o término embne
9 (RLIN) 136421
830 00 - PUNTO DE ACCESO ADICIONAL DE SERIE-TÍTULO UNIFORME
Título uniforme Bibliothèque de l'École des Hautes Études. Sciences historiques et philologiques
Designación de volumen o secuencia fasc. 12
9 (RLIN) 229685
852 ## - LOCALIZACIÓN
Ubicación ES-MaACL
Número de control de estantería C-7556
Holdings
Estatus retirado Estado de pérdida Estado de daño No para préstamo Colección Biblioteca de origen Biblioteca actual Ubicación en estantería Fecha de adquisición Fuente de adquisición Total de préstamos Signatura topográfica completa Código de barras Visto por última vez Precio de reemplazo Tipo de ítem Koha
        Libros del s. XIX Biblioteca del Ateneo de Madrid Biblioteca del Ateneo de Madrid Sala Palomar 11/04/2011     C-7556 1186622 23/02/2023 23/02/2023 Libro impreso antiguo